000 00341nam a2200169Ia 4500
100 _aMcEwen/Adrian/ Cassimally/Hakim
650 _aIOT
942 _cBK
366 _f20
654 _aIOT
245 _aDesigning the internet of things
260 _bWiley
_c2014
082 _bMCE
300 _a324
546 _aENGLISH
999 _c24215
_d24215